000 01123nam a2200301 a 4500
001 BRCA_7566
005 20190320205906.0
008 070613s1949----sp-a######---#000-0#spa-#
041 _aspa
044 _asp
050 4 _aN5940
_b.W45 1949
100 1 _aWeisbach, Werner
_918663
245 1 0 _aReforma religiosa y arte medieval
_bla influencia Cluny en el románico occidental
_cWerner Weisbach ; traducción española de Helmut Schlunk y L. Vázquez de Parga.
260 _aMadrid
_bEspasa-Calpe
_c1949
300 _a320 p.
_bil., 73 láminas
_c25 cm.
500 _aTítulo de la obra original: Religiöse reform un mittelalteriche kunst (publicado en Suiza en 1945)
500 _aEn la presente traducción se ha aumentado considerablemente la ilustración gráfica
500 _aIncluye índice de ilustraciones
500 _aS47
650 1 4 _aArte medieval
_911014
650 1 4 _aArte románico
_918664
650 1 4 _aArte y simbolismo cristianos
_94853
650 1 4 _aIglesia
_915512
700 1 _aSchlunk, Helmut
_etr.
_918665
700 1 _aVazquez de Parga, L.
_etr.
_918666
902 _aGFM
942 _2lcc
_cB
999 _c7240
_d7240